000 00654nam a22002297a 4500
003 UA-OsUOA
001 102456
007 ta
008 20130916b un ||||| |||| 00| 0 ukr d
100 _aДубашинский И. А.
090 _a82.09(410.2)
_bД79
942 _cBK
040 _aUA-OsUOA
_brus
_cUA-OsUOA
_dUA-OsUOA
245 _aДжордж Гордон Байрон
_bкнига для учащихся
300 _a144 с.
955 _a2
041 _arus
080 _a82.09(410.2)
260 _aМ.
_bПросвещение
_c1985
650 7 _a82 Література. Літературознавство
_2UDC
999 _c388682
_d388682